Software Open Access

hMtMrFoam - Heat and Mass Transport Multiregion Solver

Personnettaz, Paolo; Weber, Norbert


MARC21 XML Export

<?xml version='1.0' encoding='UTF-8'?>
<record xmlns="http://www.loc.gov/MARC21/slim">
  <leader>00000nmm##2200000uu#4500</leader>
  <datafield tag="650" ind1="1" ind2="7">
    <subfield code="a">cc-by</subfield>
    <subfield code="2">opendefinition.org</subfield>
  </datafield>
  <datafield tag="909" ind1="C" ind2="O">
    <subfield code="o">oai:rodare.hzdr.de:3596</subfield>
    <subfield code="p">software</subfield>
    <subfield code="p">user-ecfunded</subfield>
    <subfield code="p">user-rodare</subfield>
  </datafield>
  <datafield tag="245" ind1=" " ind2=" ">
    <subfield code="a">hMtMrFoam - Heat and Mass Transport Multiregion Solver</subfield>
  </datafield>
  <datafield tag="536" ind1=" " ind2=" ">
    <subfield code="a">
Sodium-Zinc molten salt batteries for low-cost stationary storage
                </subfield>
    <subfield code="c">963599</subfield>
  </datafield>
  <datafield tag="700" ind1=" " ind2=" ">
    <subfield code="a">Weber, Norbert</subfield>
    <subfield code="0">(orcid)0000-0002-5191-0122</subfield>
  </datafield>
  <datafield tag="542" ind1=" " ind2=" ">
    <subfield code="l">open</subfield>
  </datafield>
  <datafield tag="100" ind1=" " ind2=" ">
    <subfield code="a">Personnettaz, Paolo</subfield>
    <subfield code="0">(orcid)0000-0001-8990-0643</subfield>
  </datafield>
  <datafield tag="540" ind1=" " ind2=" ">
    <subfield code="u">https://opensource.org/licenses/GPL-3.0</subfield>
    <subfield code="a">GNU General Public License v3.0 or later</subfield>
  </datafield>
  <datafield tag="856" ind1="4" ind2=" ">
    <subfield code="s">103291</subfield>
    <subfield code="u">https://rodare.hzdr.de/record/3596/files/hMtMrFOAM.zip</subfield>
    <subfield code="z">md5:86660c6f0b79be5c595d2a7deb1a9b47</subfield>
  </datafield>
  <controlfield tag="005">20250310090502.0</controlfield>
  <datafield tag="024" ind1=" " ind2=" ">
    <subfield code="a">10.14278/rodare.3596</subfield>
    <subfield code="2">doi</subfield>
  </datafield>
  <controlfield tag="001">3596</controlfield>
  <datafield tag="980" ind1=" " ind2=" ">
    <subfield code="a">software</subfield>
  </datafield>
  <datafield tag="773" ind1=" " ind2=" ">
    <subfield code="a">https://www.hzdr.de/publications/Publ-41056</subfield>
    <subfield code="i">isIdenticalTo</subfield>
    <subfield code="n">url</subfield>
  </datafield>
  <datafield tag="773" ind1=" " ind2=" ">
    <subfield code="a">10.1016/j.ijheatmasstransfer.2022.122555</subfield>
    <subfield code="i">isDocumentedBy</subfield>
    <subfield code="n">doi</subfield>
  </datafield>
  <datafield tag="773" ind1=" " ind2=" ">
    <subfield code="a">10.14278/rodare.3595</subfield>
    <subfield code="i">isVersionOf</subfield>
    <subfield code="n">doi</subfield>
  </datafield>
  <datafield tag="260" ind1=" " ind2=" ">
    <subfield code="c">2025-03-04</subfield>
  </datafield>
  <datafield tag="980" ind1=" " ind2=" ">
    <subfield code="a">user-ecfunded</subfield>
  </datafield>
  <datafield tag="980" ind1=" " ind2=" ">
    <subfield code="a">user-rodare</subfield>
  </datafield>
  <datafield tag="520" ind1=" " ind2=" ">
    <subfield code="a">&lt;p&gt;The software repository contains a solver to model heat and mass transfer in several regions with OpenFOAM. Heat transport is modelled in the full domain, while fluid dynamics is solved in each layer separately. Mass transfer is simulated only in the bottom layer. The dataset further contains a testcase of a Li-Bi liquid metal battery.&lt;/p&gt;</subfield>
  </datafield>
</record>
470
14
views
downloads
All versions This version
Views 470470
Downloads 1414
Data volume 1.4 MB1.4 MB
Unique views 438438
Unique downloads 1414

Share

Cite as